Acteurs par lettre : G - Statistiques

Statistiques générales
  • Ce quiz a été pris 76 fois
  • Le résultat moyen est 7 sur 15
Statistiques - réponses
Films / Séries Années Acteurs % Correct
A Star is born / Joker : Folie à deux 1986- Lady Gaga
78%
La La Land / Barbie 1980- Ryan Gosling
77%
Coup de foudre à Notting Hill / Le Journal de Bridget Jones 1960- Hugh Grant
72%
Le Clan des Siciliens / Touchez pas au Grisbi 1904-1976 Jean Gabin
62%
Braveheart / La Passion du Christ 1956- Mel Gibson
58%
Les garçons et Guillaume, à Table / Eperdumment 1972- Guillaume Gallienne
57%
Pretty Woman / Officier and Gentleman 1949- Richard Gere
57%
La Vérité si je mens / Les Seigneurs 1966- José Garcia
54%
Les Gendarmes / Le Juge et l'Assassin 1922-2016 Michel Galabru
54%
Spider-Man / L'amour au présent 1983- Andrew Garfield
46%
Emilia Perez / Les Sorciers de Waverly Place 1992- Selena Gomez
40%
Autant en emporte le vent / Les Désaxés 1901-1960 Clark Gable
38%
Taxi 5 / La Cage 1978- Franck Gastambide
29%
Grand Hôtel / Anna Karénine 1905-1990 Greta Garbo
15%
Slogan / Anna 1928-1991 Serge Gainsbourg
5%
Aucun quiz correspondant
Distribution des résultats
% des personnes avec chaque résultat
Percentile par nombre de réponses
Votre historique - résultats
Vous n’avez pas pris ce quiz